[Event "Your Next Move (Rapid)"]
[Site "Leuven BEL"]
[Date "2016.06.18"]
[EventDate "2016.06.17"]
[Round "9"]
[Result "1-0"]
[White "Anish Giri"]
[Black "Maxime Vachier-Lagrave"]
[WhiteElo "2782"]
[BlackElo "2789"]
[PlyCount "175"]

1. Nf3 c5 2. c4 Nc6 3. Nc3 e5 4. e3 Nf6 5. Be2 d5 6. d4 cxd4
7. exd4 e4 8. Ne5 dxc4 9. Qa4 Be7 10. Nxc6 bxc6 11. d5 O-O
12. dxc6 Be6 13. Bxc4 Bxc4 14. Qxc4 Qc7 15. O-O Rfc8 16. Nxe4
Qxc6 17. Qxc6 Rxc6 18. Nxf6+ Bxf6 19. Rd1 Rc2 20. Rb1 h6
21. a4 Rb8 22. g3 Bg5 23. Bxg5 hxg5 24. b3 Ra2 25. Kg2 Rb6
26. Rd5 Rf6 27. Rf1 Rb6 28. Rxg5 g6 29. Rg4 Rxb3 30. Rc1 a5
31. Rcc4 Rbb2 32. Rgf4 Rc2 33. Rce4 Re2 34. Rxe2 Rxe2 35. Kf3
Ra2 36. h4 Kg7 37. Ke3 Ra3+ 38. Kd2 f5 39. Kc2 Kf6 40. Kd2
Ra2+ 41. Ke3 Ra3+ 42. Ke2 Ke6 43. Kf1 Ra1+ 44. Kg2 Rb1 45. g4
fxg4 46. Rxg4 Kf6 47. f3 Ra1 48. Rc4 Rb1 49. Kf2 Rb3 50. Kg3
Rb4 51. Rg4 Kf7 52. Kf2 Rb2+ 53. Ke3 Rb3+ 54. Ke2 Rb2+ 55. Kd3
Rb3+ 56. Ke2 Rb2+ 57. Ke3 Rb3+ 58. Kf2 Rb2+ 59. Kg3 Rb4
60. Re4 Kg7 61. Kf4 Rb3 62. Rc4 Kh6 63. Kg4 Rb4 64. Re4 Rb1
65. Kf4 Rb3 66. Kg3 Rb4 67. Kg4 Rb1 68. Re6 Rb4+ 69. f4 Rb1
70. Re5 Rg1+ 71. Kh3 Rh1+ 72. Kg3 Rg1+ 73. Kf3 Rf1+ 74. Kg3
Rg1+ 75. Kf2 Rg4 76. Kf3 Rxh4 77. Rxa5 Rh3+ 78. Ke4 Ra3
79. Ke5 Ra1 80. Ra8 Kh5 81. a5 Kg4 82. a6 Ra5+ 83. Kf6 Kxf4
84. Kxg6 Ke5 85. a7 Ra6+ 86. Kg5 Ra5 87. Kg4 Ra4+ 88. Kg3 1-0

[Event "Your Next Move (Blitz)"]
[Site "Leuven BEL"]
[Date "2016.06.19"]
[EventDate "2016.06.19"]
[Round "2.4"]
[Result "1/2-1/2"]
[White "Levon Aronian"]
[Black "Maxime Vachier-Lagrave"]
[WhiteElo "2792"]
[BlackElo "2789"]
[PlyCount "122"]

1. Nf3 c5 2. c3 Nf6 3. d4 Qc7 4. g3 g6 5. Bg2 Bg7 6. O-O O-O
7. Re1 d5 8. Bf4 Qb6 9. Qb3 Nc6 10. dxc5 Qxc5 11. Nbd2 Re8
12. Be3 Qa5 13. c4 d4 14. Bg5 h6 15. Bxf6 exf6 16. Qb5 f5
17. Qxa5 Nxa5 18. b4 Nc6 19. a3 Be6 20. Rac1 Rad8 21. Nb3 d3
22. b5 Ne5 23. Nxe5 d2 24. Nxd2 Bxe5 25. Nb3 b6 26. Bc6 Re7
27. a4 f4 28. gxf4 Bxf4 29. e3 Be5 30. a5 Rd3 31. Nd4 Bxd4
32. exd4 Rxd4 33. axb6 axb6 34. h3 Kf8 35. c5 bxc5 36. b6 Rb4
37. b7 Rexb7 38. Bxb7 Rxb7 39. Rxc5 Bxh3 40. Rec1 Be6 41. Rc7
Rb4 42. f3 Kg7 43. Kf2 Kf6 44. R7c3 h5 45. Re1 g5 46. Rce3 Bf5
47. Ra1 h4 48. Ra6+ Be6 49. Re2 Rf4 50. Kg2 Kf5 51. Ra5+ Kg6
52. Ree5 Bf5 53. Ra6+ f6 54. Re8 Bd7 55. Rg8+ Kf7 56. Rd8 Bb5
57. Ra7+ Kg6 58. Rg8+ Kh6 59. Rh8+ Kg6 60. Rg8+ Kh6 61. Rh8+
Kg6 1/2-1/2

[Event "Your Next Move (Blitz)"]
[Site "Leuven BEL"]
[Date "2016.06.19"]
[EventDate "2016.06.19"]
[Round "3.2"]
[Result "1/2-1/2"]
[White "Maxime Vachier-Lagrave"]
[Black "Veselin Topalov"]
[WhiteElo "2789"]
[BlackElo "2761"]
[PlyCount "144"]

1. Nf3 d5 2. g3 g6 3. Bg2 Bg7 4. O-O Nf6 5. d4 O-O 6. c4 c6
7. b3 Bf5 8. Bb2 Nbd7 9. e3 Ne4 10. Qe2 a5 11. Nc3 Nxc3
12. Bxc3 Be4 13. Bh3 Bxf3 14. Qxf3 e6 15. Rfd1 Nf6 16. Qe2 Ne4
17. Bb2 Re8 18. Bg2 Nd6 19. Rac1 h5 20. a4 Bf6 21. h4 Kg7
22. Ba3 Nf5 23. Rd3 Be7 24. Bb2 Bf6 25. Rcd1 Nd6 26. R3d2 Qd7
27. Kh2 Qd8 28. f3 Nf5 29. e4 dxe4 30. fxe4 Nh6 31. e5 Be7
32. Bh3 Qb6 33. Rd3 Rad8 34. Qf3 Kg8 35. Bc1 Bf8 36. Bg5 Rd7
37. Qf4 Nf5 38. Bxf5 exf5 39. Bf6 Bg7 40. Bxg7 Kxg7 41. Re1
Qc7 42. d5 cxd5 43. cxd5 Qc2+ 44. Qd2 Qxd2+ 45. Rxd2 Rc8
46. Re3 Rc5 47. Red3 Kf8 48. Kg2 b5 49. Kf3 bxa4 50. bxa4 Rc4
51. Rd4 Rc5 52. Kf4 Ke7 53. Kg5 Rd8 54. R2d3 Rd7 55. Kh6 Rd8
56. Kg7 Rd7 57. e6 fxe6 58. d6+ Kd8+ 59. Kxg6 Rb7 60. d7 e5
61. Rd6 f4 62. gxf4 exf4 63. Rf6 Rxd7 64. Rf8+ Kc7 65. Rxd7+
Kxd7 66. Rxf4 Ke6 67. Rf6+ Ke7 68. Rf7+ Ke6 69. Rf6+ Ke7
70. Rf5 Rc4 71. Rxa5 Rxh4 72. Rxh5 Rxa4 1/2-1/2

[Event "Your Next Move (Blitz)"]
[Site "Leuven BEL"]
[Date "2016.06.19"]
[EventDate "2016.06.19"]
[Round "4.5"]
[Result "0-1"]
[White "Magnus Carlsen"]
[Black "Maxime Vachier-Lagrave"]
[WhiteElo "2855"]
[BlackElo "2789"]
[PlyCount "74"]

1. e4 c5 2. Nf3 d6 3. d4 cxd4 4. Qxd4 Nf6 5. Bb5+ Bd7 6. Bxd7+
Qxd7 7. c4 Nc6 8. Qd3 Qg4 9. Nc3 Qxg2 10. Rf1 Rc8 11. a3 g6
12. Bd2 Bg7 13. O-O-O O-O 14. Kb1 Qh3 15. Rg1 Rfe8 16. Rg3 Qe6
17. Ng5 Qd7 18. f4 Na5 19. c5 dxc5 20. Qf1 Nb3 21. Be3 Nd4
22. f5 Rf8 23. Qh3 Rfd8 24. Rf1 Nh5 25. Rgg1 Nb5 26. Nd5 Nc7
27. Nxf7 Nxd5 28. exd5 Qxd5 29. Bc1 Qxf7 30. fxg6 Qd5 31. Rg5
Qe4+ 32. Ka1 hxg6 33. Rfg1 Rc6 34. Qb3+ c4 35. Qxb7 c3
36. Rxg6 cxb2+ 37. Bxb2 Rc1+ 0-1

[Event "Your Next Move (Blitz)"]
[Site "Leuven BEL"]
[Date "2016.06.19"]
[EventDate "2016.06.19"]
[Round "6.5"]
[Result "1-0"]
[White "Maxime Vachier-Lagrave"]
[Black "Vladimir Kramnik"]
[WhiteElo "2789"]
[BlackElo "2812"]
[PlyCount "95"]

1. e4 e5 2. Nf3 Nc6 3. Bb5 Nf6 4. d3 Bc5 5. c3 O-O 6. O-O d6
7. Nbd2 Ne7 8. d4 exd4 9. cxd4 Bb6 10. Re1 Bg4 11. Qb3 h6
12. h3 Bh5 13. Bf1 Nc6 14. d5 Ne7 15. Nc4 Bc5 16. Bf4 Re8
17. Bg3 c6 18. dxc6 Nxc6 19. e5 dxe5 20. Ncxe5 Qb6 21. Qxb6
axb6 22. Bb5 Nxe5 23. Bxe5 Red8 24. g4 Bg6 25. Bxf6 gxf6
26. a3 h5 27. Kg2 hxg4 28. hxg4 Kg7 29. Rad1 f5 30. g5 f4
31. Rxd8 Rxd8 32. b4 Bd6 33. Nh4 Bh7 34. Bc4 Rc8 35. Bd5 Rc3
36. Re8 Rxa3 37. Rd8 Be7 38. Rd7 Kf8 39. Rxb7 Rd3 40. Bc6 Rd6
41. b5 Bxg5 42. Nf3 Bf6 43. Rxb6 Kg7 44. Rb7 Rd1 45. b6 Rb1
46. Rb8 Bf5 47. b7 Rb6 48. Ra8 1-0

[Event "Your Next Move (Blitz)"]
[Site "Leuven BEL"]
[Date "2016.06.19"]
[EventDate "2016.06.19"]
[Round "7.2"]
[Result "0-1"]
[White "Fabiano Caruana"]
[Black "Maxime Vachier-Lagrave"]
[WhiteElo "2804"]
[BlackElo "2789"]
[PlyCount "102"]

1. Nf3 c5 2. g3 g6 3. Bg2 Bg7 4. O-O Nc6 5. c3 d5 6. d4 cxd4
7. cxd4 Nh6 8. Nc3 Nf5 9. e3 O-O 10. b3 Re8 11. Bb2 e6 12. Rc1
Bd7 13. Ne1 Rc8 14. Nd3 b6 15. Qe2 a6 16. Na4 Nd6 17. Rc2 Na7
18. Rfc1 Bxa4 19. bxa4 Nc4 20. Ne5 b5 21. axb5 axb5 22. Bc3
Qd6 23. Nd3 Nc6 24. h4 h5 25. Be1 Ra8 26. Rc3 Ra4 27. Rb3 Bxd4
28. exd4 Nxd4 29. Qd1 Rxa2 30. Rbb1 Ne2+ 31. Kh2 Nxg3 32. fxg3
Rxg2+ 33. Kh1 Rxg3 34. Bxg3 Qxg3 35. Qe2 Qxh4+ 36. Kg2 d4
37. Rxb5 Ne3+ 38. Kg1 e5 39. Ne1 Qg3+ 40. Kh1 e4 41. Qh2 Qxh2+
42. Kxh2 d3 43. Nxd3 exd3 44. Rb2 Ng4+ 45. Kg3 Re4 46. Kf3
Re3+ 47. Kf4 Kg7 48. Rg1 Re6 49. Rb7 d2 50. Rd1 Rf6+ 51. Kg3
Nf2 0-1

[Event "Your Next Move (Blitz)"]
[Site "Leuven BEL"]
[Date "2016.06.19"]
[EventDate "2016.06.19"]
[Round "8.4"]
[Result "1/2-1/2"]
[White "Maxime Vachier-Lagrave"]
[Black "Anish Giri"]
[WhiteElo "2789"]
[BlackElo "2782"]
[PlyCount "117"]

1. e4 e5 2. Nf3 Nc6 3. Bb5 a6 4. Ba4 Nf6 5. d3 b5 6. Bb3 Bc5
7. Nc3 d6 8. a3 h6 9. Nd5 Rb8 10. h3 Be6 11. O-O O-O 12. Re1
Nd4 13. Nxd4 Bxd4 14. c3 Ba7 15. Be3 c5 16. Nxf6+ Qxf6
17. Bxe6 Qxe6 18. a4 Bb6 19. axb5 axb5 20. Ra6 Qc8 21. Ra2 c4
22. d4 Qb7 23. Qg4 Kh8 24. Rd1 Rbe8 25. Raa1 f6 26. Qg6 Re7
27. Rd2 Rfe8 28. Re1 exd4 29. Bxd4 Bxd4 30. Rxd4 d5 31. Rxd5
Qxd5 32. exd5 Rxe1+ 33. Kh2 Rd8 34. Qf7 Rd1 35. Qe7 R1xd5
36. h4 h5 37. Kg3 R8d7 38. Qe8+ Kh7 39. f3 Rd8 40. Qe4+ Kh8
41. Qe7 Kg8 42. Kh3 Kh7 43. Qe4+ Kh8 44. Qe7 R8d7 45. Qe8+ Kh7
46. Qe4+ g6 47. Qe6 Kg7 48. Qc6 R7d6 49. Qb7+ Rd7 50. Qc6 Kf7
51. Kg3 g5 52. hxg5 Rxg5+ 53. Kh3 Rgd5 54. Kh4 Kg7 55. f4 R7d6
56. Qb7+ Rd7 57. Qc6 R7d6 58. Qb7+ Rd7 59. Qc6 1/2-1/2

[Event "Your Next Move (Blitz)"]
[Site "Leuven BEL"]
[Date "2016.06.19"]
[EventDate "2016.06.19"]
[Round "9.3"]
[Result "1-0"]
[White "Wesley So"]
[Black "Maxime Vachier-Lagrave"]
[WhiteElo "2770"]
[BlackElo "2789"]
[PlyCount "151"]

1. Nf3 c5 2. c4 Nc6 3. Nc3 e5 4. e3 Nf6 5. Be2 d5 6. d4 cxd4
7. exd4 e4 8. Ne5 dxc4 9. Bxc4 Nxe5 10. dxe5 Qxd1+ 11. Kxd1
Ng4 12. e6 Bxe6 13. Bxe6 fxe6 14. Nxe4 Rc8 15. h3 Nf6 16. Re1
Be7 17. Nxf6+ Bxf6 18. Rxe6+ Kf7 19. Re2 Rhd8+ 20. Rd2 Bd4
21. Ke1 Rc6 22. Re2 Rdc8 23. Be3 Bxe3 24. fxe3 Rc1+ 25. Rxc1
Rxc1+ 26. Kd2 Ra1 27. a3 Ke6 28. Rf2 Rg1 29. Ke2 Rc1 30. Kf3
Rc5 31. Rd2 Rf5+ 32. Ke2 Rg5 33. g4 Rc5 34. Kd3 Rd5+ 35. Ke2
Rc5 36. b4 Rc3 37. Rd3 Rc2+ 38. Kf3 Ra2 39. h4 g6 40. Kf4 h6
41. Rc3 Rf2+ 42. Kg3 Ra2 43. Kf3 Kd6 44. Rd3+ Ke6 45. Rc3 Kd6
46. Rc8 Rxa3 47. Rg8 g5 48. Rg6+ Ke5 49. Rxh6 gxh4 50. Rxh4
Rb3 51. b5 Kf6 52. Rh6+ Kg7 53. Rh5 Rb4 54. Rd5 Kf6 55. Rh5
Kg6 56. e4 Rb1 57. Rd5 Rf1+ 58. Kg3 Rg1+ 59. Kf4 Rf1+ 60. Kg3
Rg1+ 61. Kf3 Rf1+ 62. Ke3 Rg1 63. Rd7 a6 64. b6 Rxg4 65. Kd4
Kf6 66. Rxb7 Rg1 67. Ra7 Ke6 68. Rxa6 Kd6 69. b7+ Kc7 70. Rb6
Kb8 71. Rb2 Rg4 72. Kd5 Rg8 73. e5 Rd8+ 74. Kc5 Re8 75. Kd6
Rd8+ 76. Ke7 1-0

[Event "Your Next Move (Blitz)"]
[Site "Leuven BEL"]
[Date "2016.06.20"]
[EventDate "2016.06.19"]
[Round "11.4"]
[Result "1/2-1/2"]
[White "Maxime Vachier-Lagrave"]
[Black "Levon Aronian"]
[WhiteElo "2789"]
[BlackElo "2792"]
[PlyCount "79"]

1. e4 e5 2. Nf3 Nc6 3. Bb5 a6 4. Ba4 Nf6 5. O-O Be7 6. d3 d6
7. c3 O-O 8. Nbd2 b5 9. Bc2 d5 10. Re1 d4 11. cxd4 Nxd4
12. Nxd4 exd4 13. a4 Bg4 14. Nf3 Bb4 15. Rf1 c5 16. h3 Bh5
17. axb5 axb5 18. Rxa8 Qxa8 19. Bg5 Qa2 20. Qc1 Bxf3 21. Bxf6
gxf6 22. gxf3 Qe6 23. Qh6 c4 24. Kh1 Kh8 25. Rg1 Rg8 26. Rg4
Rg6 27. Qh5 Qe5 28. Qh4 Bd6 29. f4 Qe7 30. e5 fxe5 31. Qxe7
Bxe7 32. fxe5 Rxg4 33. hxg4 Bg5 34. Kg2 Bf4 35. Kf3 Bxe5
36. Ke4 Bg7 37. Kd5 c3 38. bxc3 dxc3 39. Kc5 f5 40. f3 1/2-1/2

[Event "Your Next Move (Blitz)"]
[Site "Leuven BEL"]
[Date "2016.06.20"]
[EventDate "2016.06.19"]
[Round "12.2"]
[Result "1/2-1/2"]
[White "Veselin Topalov"]
[Black "Maxime Vachier-Lagrave"]
[WhiteElo "2761"]
[BlackElo "2789"]
[PlyCount "73"]

1. c4 e5 2. d3 g6 3. Nf3 Bg7 4. g3 Ne7 5. Bg2 O-O 6. O-O c6
7. e4 c5 8. Nc3 d6 9. a3 Nbc6 10. Rb1 f5 11. b4 f4 12. bxc5
dxc5 13. Nd5 Qd6 14. Bb2 b6 15. Bc3 h6 16. a4 g5 17. Nd2 Ng6
18. Qh5 Rb8 19. a5 Nd4 20. axb6 axb6 21. Rb2 Ne7 22. Bxd4 exd4
23. Rfb1 Nxd5 24. exd5 Bf5 25. Ne4 Qd8 26. Bh3 Bxe4 27. dxe4
d3 28. Rd2 fxg3 29. hxg3 b5 30. cxb5 c4 31. Bf5 Qa5 32. Qg6
Qxd2 33. Qh7+ Kf7 34. Qg6+ Kg8 35. Qh7+ Kf7 36. Qg6+ Kg8
37. Qh7+ 1/2-1/2

[Event "Your Next Move (Blitz)"]
[Site "Leuven BEL"]
[Date "2016.06.20"]
[EventDate "2016.06.19"]
[Round "13.5"]
[Result "0-1"]
[White "Maxime Vachier-Lagrave"]
[Black "Magnus Carlsen"]
[WhiteElo "2789"]
[BlackElo "2855"]
[PlyCount "68"]

1. d4 Nf6 2. c4 e6 3. Nf3 Bb4+ 4. Nbd2 O-O 5. a3 Be7 6. e4 d6
7. Bd3 c5 8. d5 Nbd7 9. O-O e5 10. b4 a5 11. bxa5 Rxa5 12. Nb3
Ra6 13. a4 Nh5 14. g3 g6 15. Ne1 Ng7 16. Ng2 Nf6 17. f3 Bh3
18. Rf2 Nd7 19. Ne3 f5 20. Bf1 Bxf1 21. Qxf1 Bg5 22. exf5 Bxe3
23. Bxe3 Nxf5 24. Bd2 Nd4 25. Nxd4 cxd4 26. Bb4 Qb6 27. Rb2
d3+ 28. Kh1 Qd4 29. Rb3 e4 30. Bc3 Qxc4 31. Rxb7 Qxc3 32. Rxd7
e3 33. Rb1 Rb6 34. Rxb6 e2 0-1

[Event "Your Next Move (Blitz)"]
[Site "Leuven BEL"]
[Date "2016.06.20"]
[EventDate "2016.06.19"]
[Round "14.1"]
[Result "1-0"]
[White "Viswanathan Anand"]
[Black "Maxime Vachier-Lagrave"]
[WhiteElo "2770"]
[BlackElo "2789"]
[PlyCount "101"]

1. e4 c5 2. Nf3 d6 3. d4 cxd4 4. Nxd4 Nf6 5. Nc3 a6 6. h3 e5
7. Nde2 h5 8. Nd5 Nxd5 9. Qxd5 Nd7 10. Nc3 Nf6 11. Qd3 Be7
12. Bg5 Be6 13. O-O-O Qa5 14. a3 Rc8 15. Bxf6 Bxf6 16. Nd5 Qc5
17. Qe2 h4 18. Kb1 Bg5 19. g3 hxg3 20. fxg3 Bxd5 21. Rxd5 Qe3
22. Qxe3 Bxe3 23. Rxd6 Rd8 24. Rxd8+ Kxd8 25. Bc4 Ke7 26. h4
Rh6 27. g4 Rf6 28. g5 Rf2 29. Rh3 Bd2 30. a4 Rf4 31. Bd5 b5
32. axb5 axb5 33. Ka2 f6 34. gxf6+ Kxf6 35. h5 Rf2 36. Rg3 Bg5
37. Rc3 Bf4 38. Kb3 Kg5 39. Rc7 Kh6 40. Bf7 Bc1 41. Rc6+ Rf6
42. Rxf6+ gxf6 43. c3 Kg5 44. Bg6 f5 45. exf5 e4 46. f6 Kxf6
47. Bxe4 b4 48. cxb4 Ke5 49. Bf3 Kd4 50. b5 Kc5 51. Bc6 1-0

[Event "Your Next Move (Blitz)"]
[Site "Leuven BEL"]
[Date "2016.06.20"]
[EventDate "2016.06.19"]
[Round "15.5"]
[Result "0-1"]
[White "Vladimir Kramnik"]
[Black "Maxime Vachier-Lagrave"]
[WhiteElo "2812"]
[BlackElo "2789"]
[PlyCount "132"]

1. d4 Nf6 2. Nf3 g6 3. Bg5 Bg7 4. Nbd2 O-O 5. e3 c5 6. c3 d6
7. Bc4 Nc6 8. O-O Bf5 9. Qe2 d5 10. Bb5 Qb6 11. dxc5 Qxc5
12. Rac1 Ne4 13. Nxe4 dxe4 14. Bxc6 exf3 15. Bxf3 Be6 16. Bh4
Bc4 17. Qc2 Bxf1 18. Rxf1 Rad8 19. Bxb7 Rd7 20. Bf3 Rfd8
21. Qb3 Rd2 22. Qb7 Bf6 23. Bg3 Kg7 24. a4 R8d7 25. Qb3 h5
26. h4 e6 27. Qb5 Qxb5 28. axb5 Rxb2 29. c4 Rc2 30. Bc6 Rd8
31. e4 Rxc4 32. e5 Be7 33. Ra1 Bc5 34. Kh2 Rd2 35. f3 Bd4
36. Re1 Bb6 37. Kh3 a5 38. Be4 a4 39. Bf4 Rd7 40. Ra1 Ra7
41. Ra3 Rb4 42. Bg5 Rxb5 43. Bf6+ Kh7 44. Bc6 Rc5 45. Be8 Rc8
46. Bb5 Bd8 47. g4 Bxf6 48. exf6 Ra5 49. Bd7 Rc4 50. g5 Ra7
51. Be8 Rb4 52. Kg3 e5 53. Bc6 Kg8 54. Bd5 Kf8 55. Bc6 Rd4
56. Bb5 Ra5 57. Bc6 Rc4 58. Bd7 Rc7 59. Rxa4 Rxa4 60. Bxa4 Rc3
61. Bb5 e4 62. Kf4 Rxf3+ 63. Kxe4 Rh3 64. Bd7 Rxh4+ 65. Kf3
Rd4 66. Bc6 Rg4 0-1

[Event "Your Next Move (Blitz)"]
[Site "Leuven BEL"]
[Date "2016.06.20"]
[EventDate "2016.06.19"]
[Round "16.2"]
[Result "1/2-1/2"]
[White "Maxime Vachier-Lagrave"]
[Black "Fabiano Caruana"]
[WhiteElo "2789"]
[BlackElo "2804"]
[PlyCount "113"]

1. e4 c5 2. Nf3 e6 3. c3 Nf6 4. e5 Nd5 5. d4 cxd4 6. cxd4 d6
7. Bc4 Nb6 8. Bb3 dxe5 9. Nxe5 Nc6 10. Qf3 Nxe5 11. dxe5 Bb4+
12. Nc3 Qd4 13. Qg3 Qe4+ 14. Be3 Qg6 15. Qh4 Be7 16. Qe4 Qxe4
17. Nxe4 Bd7 18. O-O-O Bc6 19. Nd6+ Bxd6 20. Rxd6 Nd5 21. Bd2
Rd8 22. Rxd8+ Kxd8 23. f3 Kd7 24. Kb1 Bb5 25. Rc1 Bd3+ 26. Ka1
Rc8 27. Ba4+ b5 28. Rxc8 Kxc8 29. Bd1 Kc7 30. b3 Kc6 31. Kb2
a6 32. b4 Nb6 33. Kc3 Bf1 34. g3 Kd5 35. f4 Bg2 36. Be3 Nc4
37. Bc5 g6 38. a4 h5 39. Bc2 Be4 40. Bb3 Bg2 41. Bg1 Bf3
42. axb5 axb5 43. Bxc4+ bxc4 44. b5 Be2 45. b6 Kc6 46. Kb4 Bf1
47. Bd4 Be2 48. Ka5 c3 49. Bxc3 Bf1 50. Bd4 Be2 51. Kb4 Bf1
52. Kc3 Be2 53. Kd2 Ba6 54. Ke3 Kd5 55. Bc3 Kc5 56. Ba5 Kb5
57. Be1 1/2-1/2

[Event "Your Next Move (Blitz)"]
[Site "Leuven BEL"]
[Date "2016.06.20"]
[EventDate "2016.06.19"]
[Round "17.4"]
[Result "1/2-1/2"]
[White "Anish Giri"]
[Black "Maxime Vachier-Lagrave"]
[WhiteElo "2782"]
[BlackElo "2789"]
[PlyCount "134"]

1. Nf3 Nf6 2. c4 g6 3. Nc3 d5 4. cxd5 Nxd5 5. h4 Bg7 6. e4 Nb6
7. d4 Bg4 8. Be3 Nc6 9. d5 Ne5 10. Be2 O-O 11. Nxe5 Bxe2
12. Nxf7 Bxd1 13. Nxd8 Bg4 14. Ne6 Bxe6 15. dxe6 Nc4 16. O-O-O
Nxe3 17. fxe3 Bxc3 18. bxc3 Rf6 19. Rd7 Rxe6 20. Rxc7 Rxe4
21. Kd2 b6 22. Kd3 Re5 23. Rf1 Rd8+ 24. Kc4 a5 25. Rf3 b5+
26. Kb3 Rd3 27. e4 Rd2 28. Rc8+ Kg7 29. Rcf8 Rxe4 30. R3f7+
Kh6 31. Rh8 Kh5 32. Rhxh7+ Kg4 33. Rxe7 Rc4 34. Re5 a4+
35. Ka3 Rc2 36. Rg5+ Kf4 37. Rf7+ Ke4 38. Rg4+ Kd5 39. Rd7+
Ke6 40. Rxc4 bxc4 41. Rd4 Rxc3+ 42. Kxa4 Rc2 43. a3 c3 44. Kb3
Rxg2 45. Kxc3 g5 46. hxg5 Rxg5 47. a4 Rg1 48. a5 Ra1 49. Kb4
Rb1+ 50. Kc5 Ra1 51. Kb6 Rb1+ 52. Kc6 Rc1+ 53. Kb7 Rb1+
54. Kc6 Rc1+ 55. Kb6 Rb1+ 56. Ka7 Ke7 57. a6 Rb2 58. Ka8 Rb1
59. a7 Rb2 60. Rh4 Kd7 61. Rh8 Kc7 62. Rb8 Rd2 63. Rb7+ Kc8
64. Rb1 Rc2 65. Rh1 Rb2 66. Rh8+ Kc7 67. Rb8 Rc2 1/2-1/2

[Event "Your Next Move (Blitz)"]
[Site "Leuven BEL"]
[Date "2016.06.20"]
[EventDate "2016.06.19"]
[Round "18.3"]
[Result "1/2-1/2"]
[White "Maxime Vachier-Lagrave"]
[Black "Wesley So"]
[WhiteElo "2789"]
[BlackElo "2770"]
[PlyCount "61"]

1. c4 c5 2. g3 g6 3. Bg2 Bg7 4. Nc3 Nc6 5. d3 d6 6. Bd2 e6
7. a3 Nge7 8. b4 cxb4 9. axb4 Nxb4 10. Qa4+ Nbc6 11. Nf3 O-O
12. O-O d5 13. Rfb1 b6 14. cxd5 exd5 15. Qa3 Bb7 16. Bh3 Bc8
17. Bg2 Bb7 18. Nb5 Qd7 19. Bc3 d4 20. Nfxd4 Nxd4 21. Bxd4
Bxd4 22. Nxd4 Bxg2 23. Kxg2 Qxd4 24. Qxe7 Rae8 25. Qb4 Qd5+
26. e4 Qxd3 27. Rxa7 Qxe4+ 28. Qxe4 Rxe4 29. Rxb6 Ree8 30. h4
Ra8 31. Rxa8 1/2-1/2

[Event "Dortmund Sparkassen"]
[Site "Dortmund GER"]
[Date "2016.07.09"]
[EventDate "2016.07.09"]
[Round "1.3"]
[Result "0-1"]
[White "Fabiano Caruana"]
[Black "Maxime Vachier-Lagrave"]
[WhiteElo "2810"]
[BlackElo "2798"]
[PlyCount "84"]

1. e4 c5 2. Nf3 d6 3. d4 cxd4 4. Nxd4 Nf6 5. Nc3 a6 6. f3 e5
7. Nb3 Be6 8. Be3 Be7 9. Qd2 O-O 10. O-O-O Nbd7 11. g4 b5
12. h4 Nb6 13. Qf2 Rb8 14. g5 Nfd7 15. f4 exf4 16. Bxf4 Rc8
17. Nd5 Nxd5 18. exd5 Bg4 19. Be2 Bxe2 20. Qxe2 Re8 21. Qf3
Qc7 22. Nd4 Nb6 23. Rhe1 Bf8 24. Rxe8 Rxe8 25. Nf5 Qc4 26. b3
Qb4 27. c3 Rc8 28. Rd3 Nxd5 29. Bd2 Nb6 30. Kb1 Qc5 31. Be3
Qc7 32. Qf4 Re8 33. h5 Re6 34. Kc2 Qc6 35. Bxb6 Qxb6 36. Rf3
Qb7 37. Ne3 Re4 38. Qg3 Re5 39. Qf4 Rxg5 40. h6 gxh6 41. Rf2
Qd7 42. Nf5 Qe6 0-1

[Event "Dortmund Sparkassen"]
[Site "Dortmund GER"]
[Date "2016.07.10"]
[EventDate "2016.07.09"]
[Round "2"]
[Result "1/2-1/2"]
[White "Maxime Vachier-Lagrave"]
[Black "Vladimir Kramnik"]
[WhiteElo "2798"]
[BlackElo "2812"]
[PlyCount "101"]

1. e4 e5 2. Nf3 Nc6 3. Bb5 Nf6 4. O-O Nxe4 5. d4 Nd6 6. Bxc6
dxc6 7. dxe5 Nf5 8. Qxd8+ Kxd8 9. h3 Ke8 10. Nc3 h5 11. Ne2 b6
12. Bg5 c5 13. Rad1 Bb7 14. Nc3 Be7 15. Nd5 Bxd5 16. Rxd5 Rd8
17. Rxd8+ Bxd8 18. Rd1 Bxg5 19. Nxg5 Ke7 20. c3 Nh4 21. g3 Ng6
22. f4 h4 23. Kf2 hxg3+ 24. Kxg3 Nh4 25. Kg4 Ng2 26. Kf3 Nh4+
27. Kg4 Ng2 28. Rg1 Ne3+ 29. Kf3 Nf5 30. Ke4 Nh4 31. f5 f6
32. exf6+ Kxf6 33. Kf4 g6 34. Ne4+ Kf7 35. fxg6+ Nxg6+ 36. Kf5
Nh4+ 37. Kf4 a5 38. Rg3 a4 39. Kg5 Ke6 40. Nf6 Nf5 41. Rf3 Nd6
42. Kg6 Nc4 43. Kg7 Rh4 44. b3 axb3 45. axb3 Nd2 46. Re3+ Kf5
47. Nd5 c4 48. Ne7+ Kf4 49. Nd5+ Kf5 50. Ne7+ Kf4 51. Nd5+
1/2-1/2

[Event "Dortmund Sparkassen"]
[Site "Dortmund GER"]
[Date "2016.07.12"]
[EventDate "2016.07.09"]
[Round "3"]
[Result "1/2-1/2"]
[White "Liviu Dieter Nisipeanu"]
[Black "Maxime Vachier-Lagrave"]
[WhiteElo "2674"]
[BlackElo "2798"]
[PlyCount "112"]

1. d4 Nf6 2. c4 g6 3. Nc3 d5 4. Nf3 Bg7 5. cxd5 Nxd5 6. e4
Nxc3 7. bxc3 c5 8. Rb1 O-O 9. Be2 cxd4 10. cxd4 Qa5+ 11. Bd2
Qxa2 12. O-O Bg4 13. Bg5 h6 14. Be3 Nc6 15. d5 Na5 16. Bc5 b6
17. Bxe7 Rfe8 18. d6 Nc6 19. Bb5 Nxe7 20. h3 Bxf3 21. Qxf3 Qe6
22. Bxe8 Rxe8 23. dxe7 Qxe7 24. Rfd1 Bf8 25. Rd4 Qe6 26. Rbd1
a5 27. Rd7 a4 28. Ra7 a3 29. Rdd7 Be7 30. Rdb7 h5 31. g3 h4
32. gxh4 a2 33. Kg2 Bc5 34. Qe2 Qxe4+ 35. Qxe4 Rxe4 36. Rxa2
Rxh4 37. Rd7 Rf4 38. Rd3 Kg7 39. Rf3 Rxf3 40. Kxf3 Kh6 41. Ra7
f5 42. Rc7 Kg5 43. Rh7 Kf6 44. Ke2 g5 45. Kf3 g4+ 46. hxg4
fxg4+ 47. Kg3 Ke5 48. Rh5+ Ke4 49. Rg5 Kd3 50. Rxg4 b5 51. Rg5
Kc4 52. Kf3 b4 53. Ke2 b3 54. Rg4+ Kc3 55. Rg3+ Kc2 56. Rg8
Bd4 1/2-1/2

[Event "Dortmund Sparkassen"]
[Site "Dortmund GER"]
[Date "2016.07.13"]
[EventDate "2016.07.09"]
[Round "4"]
[Result "1-0"]
[White "Maxime Vachier-Lagrave"]
[Black "Rainer Buhmann"]
[WhiteElo "2798"]
[BlackElo "2653"]
[PlyCount "69"]

1. e4 e5 2. Nf3 Nc6 3. Bb5 a6 4. Ba4 Nf6 5. O-O Be7 6. Re1 b5
7. Bb3 d6 8. c3 O-O 9. h3 Nb8 10. d4 Nbd7 11. Nbd2 Bb7 12. Bc2
Re8 13. Nf1 Bf8 14. Bg5 h6 15. Bh4 g6 16. a4 Bg7 17. d5 Qb8
18. Ne3 c6 19. dxc6 Bxc6 20. axb5 axb5 21. Rxa8 Bxa8 22. Nd2
b4 23. c4 Nc5 24. Bxf6 Bxf6 25. Nb3 Rc8 26. Nxc5 Rxc5 27. Qd3
Ra5 28. Bb3 Bg5 29. Rd1 Qb6 30. c5 Qxc5 31. Nc4 Ra7 32. Nxd6
Kg7 33. Qf3 Qc6 34. Bxf7 Re7 35. Ba2 1-0

[Event "Dortmund Sparkassen"]
[Site "Dortmund GER"]
[Date "2016.07.15"]
[EventDate "2016.07.09"]
[Round "5"]
[Result "0-1"]
[White "Evgeny Najer"]
[Black "Maxime Vachier-Lagrave"]
[WhiteElo "2687"]
[BlackElo "2798"]
[PlyCount "72"]

1. e4 c5 2. Nf3 d6 3. d4 cxd4 4. Nxd4 Nf6 5. Nc3 a6 6. Bg5 e6
7. f4 h6 8. Bh4 Qb6 9. Qd2 Qxb2 10. Rb1 Qa3 11. e5 dxe5
12. fxe5 Nfd7 13. Ne4 Qxa2 14. Rd1 Qd5 15. Qe3 Qxe5 16. Be2
Bc5 17. Bg3 Qd5 18. c4 Bxd4 19. Rxd4 Qa5+ 20. Rd2 O-O 21. Bd6
f5 22. Bxf8 Nxf8 23. Nd6 Nbd7 24. g4 fxg4 25. Bxg4 Qa1+
26. Rd1 Qe5 27. Rd3 Nc5 28. O-O Nxd3 29. Qxd3 Bd7 30. Nxb7 Rb8
31. Bf3 Qc7 32. Nd6 Qc5+ 33. Rf2 a5 34. Nb7 Qb4 35. Qe4 Nh7
36. c5 Ng5 0-1

[Event "Dortmund Sparkassen"]
[Site "Dortmund GER"]
[Date "2016.07.16"]
[EventDate "2016.07.09"]
[Round "6"]
[Result "1-0"]
[White "Maxime Vachier-Lagrave"]
[Black "Ruslan Ponomariov"]
[WhiteElo "2798"]
[BlackElo "2706"]
[PlyCount "103"]

1. e4 e5 2. Nf3 Nc6 3. Bb5 Nf6 4. O-O Nxe4 5. Re1 Nd6 6. Nxe5
Be7 7. Bf1 Nxe5 8. Rxe5 O-O 9. d4 Bf6 10. Re1 Re8 11. Nc3 Rxe1
12. Qxe1 b6 13. Bf4 Bb7 14. Bxd6 cxd6 15. Qe3 Qe7 16. Qxe7
Bxe7 17. g3 Kf8 18. a4 Bc6 19. a5 bxa5 20. d5 Bb7 21. Rxa5 a6
22. Ra3 Bf6 23. Na4 Ke7 24. c4 Kd8 25. Re3 a5 26. Be2 Ba6
27. Kf1 Rb8 28. b3 g5 29. Ke1 Bd4 30. Rf3 Ke7 31. Bd1 h6
32. Kd2 Rb4 33. Kd3 Ba7 34. Rf5 f6 35. Nc3 Bc5 36. f4 Rb8
37. fxg5 fxg5 38. Kc2 Bg1 39. Bh5 Bxh2 40. Rf7+ Kd8 41. Bg4
Rb7 42. c5 Bxg3 43. Ne4 dxc5 44. Nxg3 d6 45. Rf8+ Ke7 46. Ra8
Rb6 47. Kc3 Bb7 48. Nf5+ Kf6 49. Rf8+ Ke5 50. Ne3 Ke4 51. Nc4
Ra6 52. Bf3# 1-0